Top 50 biggest cities in Switzerland - Statistics

General Stats
  • This quiz has been taken 45 times
  • The average score is 13 of 50
Answer Stats
City Population % Correct
Bern 134,290
100%
Geneva 514,114
100%
Zürich 423,193
98%
Basel 173,064
89%
Lausanne 140,619
84%
Lucerne 82,922
71%
Lugano 62,123
67%
St. Gallen 76,328
64%
Neuchâtel 176,571
56%
Biel/Bienne 55,140
49%
Sion 34,704
49%
Winterthur 115,129
44%
Fribourg 334,465
42%
Thun 43,723
42%
Zug 31,345
36%
Aarau 21,503
29%
Schaffhausen 36,582
29%
Bellinzona 43,219
27%
La Chaux-de-Fonds 37,942
22%
Solothurn 282,408
22%
Köniz 41,772
16%
Wil 23,955
13%
Baden 32,566
11%
Kloten 19,672
9%
Martigny 18,301
9%
Olten 30,678
9%
Rapperswil-Jona 26,995
9%
Meyrin 25,249
7%
Wetzikon 24,803
7%
Allschwil 21,150
4%
Dübendorf 28,667
4%
Kriens 27,441
4%
Lancy 32,841
4%
Wettingen 20,843
4%
Adliswil 18,765
2%
Baar 24,464
2%
Bülach 20,443
2%
Glarus Nord 18,481
2%
Gossau 18,172
2%
Monthey 17,777
2%
Muttenz 17,809
2%
Pully 18,308
2%
Reinach 19,216
2%
Riehen 21,340
2%
Thalwil 17,990
2%
Volketswil 18,663
2%
Wädenswil 21,617
2%
Altstetten 33,461
0%
Emmen 30,926
0%
Schlieren 18,731
0%
No matching quizzes found
Score Distribution
Percent of People with Each Score
Percentile by Number Answered
Your Score History
You have not taken this quiz